Bonsái

Gespeichert in:
Bibliographische Detailangaben
1. Verfasser: Zambra Infantas, Alejandro (VerfasserIn)
Format: Buch
Sprache:Spanisch
Veröffentlicht: Barcelona Anagrama 2012
Ausgabe:4a. ed
Schlagworte:
Tags: Tag hinzufügen
Keine Tags, Fügen Sie den ersten Tag hinzu!

MARC

LEADER 00000cam a2200000 a 4500
001 UCF7633
003 CL-VaPUC
008 130627e20120500SP |||||||||||||||||spa|d
020 |a 9788433971296 
082 0 4 |a Ch863  |b ZAM  |2 21 
100 0 |a Zambra Infantas, Alejandro  |e author  |9 569709 
245 1 0 |a Bonsái 
250 |a 4a. ed 
300 |a 94 p 
942 |c BK 
945 |d 20130627 00:00:00  |a dcastane 
260 |a Barcelona  |b Anagrama  |c 2012 
650 0 |a Novelas chilenas   |9 265425 
650 0 |a Literatura chilena   |9 308278 
583 |a last modification  |c 20130627 13:18:00  |k Rodrigo Vera 
999 |c 352441  |d 352439